01698nam a2200361 a 4500001001200000003000800012006001900020007001500039008004100054010001700095020001500112020001800127020002700145040002100172035002100193043001200214050002200226082001900248245014700267260006300414300002300477500009000500504004100590505026600631533015200897650003501049650004501084655002901129700001801158710001701176856012601193999001701319ebr10563554CaPaEBRm u cr cn|||||||||120227s2012 si a sb 100 0 eng d z 2012330071 z9814287903 z9789814287906 z9789814287913 (e-book) aCaPaEBRcCaPaEBR a(OCoLC)775296789 aa-cc---14aHD31b.C45 2012eb04a658.40095122200aChina's reality and global visionh[electronic resource] :bmanagement research and development in China /ceditors, Siwei Cheng ... [et al.]. aSingapore ;aHackensack, N.J. :bWorld Scientific,cc2012. aix, 348 p. :bill. a"This book presents the highlight of the third CSM national annual conference"--P. v. aIncludes bibliographical references.0 apt. 1. Current issues in China's economic development -- pt. 2. Management innovations -- pt. 3. Globalization of Chinese enterprises -- pt. 4. Achievements in information technology and knowledge management -- pt. 5. Management challenges from Chinese society. aElectronic reproduction.bPalo Alto, Calif. :cebrary,d2011.nAvailable via World Wide Web.nAccess may be limited to ebrary affiliated libraries. 0aManagementzChinavCongresses. 0aManagementxResearchzChinavCongresses. 7aElectronic books.2local1 aCheng, Siwei.2 aebrary, Inc.40uhttp://site.ebrary.com/lib/rucke/Doc?id=10563554zAn electronic book accessible through the World Wide Web; click to view c95389d95389